000 00354nam a2200133Ia 4500
008 240624s9999 xx 000 0 und d
041 _aeng
082 _a658.4 WIG
100 _aWIGAND ROLF
245 _aINFORMATION ORGANIZATION AND MANAGEMENT
260 _c1997
_aNew York
_bJohn Wiley and Sons
300 _axiv, : 458 : p. : cm. ; 23
365 _c
_b30
999 _c16372
_d16372